00910nam a2200229Ia 450000100060000000300090000600800410001504000130005604000130006904100130008210000200009510000280011524500460014324500460018925000110023526000090024626000100025530000410026550003160030665000270062265000310064910907IT-RoPAU130308s9999 xx 000 0 und d aIT-RoPAU cIT-RoPAU aITALIANO aTaddei Nazareno gCodice Aut. SPICS: 890 aNuove tecnologie didattiche-1-Le macchine bNuove tecnologie Didattiche-1-Le Macchine a1a ed. aROMA bCiscs a"45 p. (prefazione: no ; testo: 45)" aTecniche della Comunicazione Concetto di Hardware e software istruzione in Rapporto Alle nuove Tecniche Macchine nell'istruzione famiglie degli Audiovisivi Diapositive immagine Dinamica Campo Cinematografico Campo Televisivotelevisione a circuito chiuso Telescuola Televisori e Registratori Televisione via Cavo aISTRUZIONE PROGRAMMATA eCodice materia Spics: 4003